Sistemas de protección de equipos de telecomunicaciones
محفوظ في:
| المؤلف الرئيسي: | |
|---|---|
| مؤلفون آخرون: | |
| التنسيق: | كتاب |
| منشور في: |
[San José, Costa Rica]
2002
|
| الموضوعات: | |
| الوسوم: |
إضافة وسم
لا توجد وسوم, كن أول من يضع وسما على هذه التسجيلة!
|
MARC
| LEADER | 00000nam a2200000Ia 4500 | ||
|---|---|---|---|
| 003 | 008926 | ||
| 005 | 20221231144155.0 | ||
| 008 | 140114s2002 cr a m 000 ||s d | ||
| 040 | |c cru CEDI | ||
| 090 | |a TFG 4488 | ||
| 100 | |a Rojas Fernández, Bolívar |9 7403 | ||
| 245 | |a Sistemas de protección de equipos de telecomunicaciones | ||
| 260 | |c 2002 |a [San José, Costa Rica] | ||
| 300 | |a x, 148, [2] hojas : ilustraciones, fotografías | ||
| 500 | |a Proyecto de graduación (bachillerato en ingeniería eléctrica)--Universidad de Costa Rica. Facultad de Ingeniería. Escuela de Ingeniería Eléctrica | ||
| 650 | |x SISTEMAS DE TELECOMUNICACION |x PROTECCION |x TELECOMUNICACIONES |x EQUIPO |9 7405 | ||
| 700 | |9 7404 |a Vega Jiménez, Carlos G | ||
| 942 | |c TFG | ||
| 999 | |c 17953 |d 17953 | ||
